| 000 | 00708nam a2200181 a 4500 | ||
|---|---|---|---|
| 008 | 120416s2003 ||||||||||||||||| || u | ||
| 050 | _aIBRD(02) | ||
| 100 | _aFretes-Cibils, Vicente | ||
| 245 | 1 | 0 |
_aEcuador: an economic and social agenda in the new millennium _cedited by Vicente Fretes-Cibils |
| 260 |
_aWashington, D.C. _bWorld Bank _c2003 |
||
| 350 | _a0.00 | ||
| 650 | _aECUADOR--ECONOMIC CONDITIONS | ||
| 650 | _aECUADOR--ECONOMIC POLICY | ||
| 700 | _aGiugale, Marcelo M | ||
| 700 | _aLopez-Calix, Jose Roberto | ||
| 710 | _aWorld Bank | ||
| 995 |
_D0.00 _FCBU-MAIN LIBRARY (Kitwe) _H1 _I0.00 _M1 _UAVAILABLE _WDec 12, 2007 _ZInternational Publications |
||
| 999 |
_c41106 _d41106 |
||